000 01330nac a22003857a 4500
001 BR8804985
003 BR-BrBNA
005 20240105120823.0
008 230509b bl.|||m| |||| 00| 0 por d
040 _aBR-BrBNA
_bpor
_cBiblioteca Nacional de Agricultura
072 _aF61; F04
090 _a0312 BR8804985
100 1 _aPacheco, A.R.
100 1 _aTailliez, B.J.
100 1 _aViegas, I. de J.M.
110 1 _aUnidade de Execucao de Pesquisa de Ambito Estadual de Belem, PA (Brasil)
_910340
245 1 _aRespostas de N-P-K-Ca e Mg no desenvolvimento de mudas de dende na regiao de Manaus - Amazonas
246 1 _a[Nitrogen, phosphorus, potassium, calcium and magnesium answers to the development of Elaeis guineensis at the region of Manaus, Amazonas]
260 3 _aBelem, PA (Brasil):
_c1987.
300 _a19 p.
490 _aBoletim de Pesquisa - Unidade de Execucao de Pesquisa de Ambito Estadual de Belem (Brazil)
_vno. 4
_x
500 _a17 ref.; 7 tables; Summaries (En, Pt)
650 _aDENDE
650 _aNUTRICAO VEGETAL
650 _aNITROGENIO
650 _aFOSFORO
650 _aPOTASSIO
650 _aCALCIO
650 _aMAGNESIO
650 _aADUBACAO
650 _aMANAUS
650 _aAMAZONAS
909 _a202312
_bLúcia Elande
_c55
_dLúcia Elande
942 _2AGRIS
_n0
_cMS
999 _c281613
_d281613